| Tag |
First Indicator |
Second Indicator |
Subfields |
| LEADER |
00000cam a2200000 a 4500 |
| 001 |
in00000034454 |
| 005 |
20151007060725.0 |
| 008 |
870928s1987 nyua b 10110 eng d |
| 010 |
|
|
|a 87081560
|
| 020 |
|
|
|a 0816904278
|
| 035 |
|
|
|a (OCoLC)16769879
|
| 035 |
|
|
|9 AAC1583AM
|
| 040 |
|
|
|a NSF
|c NSF
|d TXA
|d UtOrBLW
|
| 049 |
|
|
|a TXAM
|c [A11687676]
|
| 050 |
|
4 |
|a TK7871
|b .I5 1987
|
| 111 |
2 |
|
|a International Conference on Processing of Electronic Materials
|n (1st :
|d 1987 :
|c Santa Barbara, Cal)
|
| 245 |
1 |
0 |
|a Processing of electronic materials :
|b proceedings of the First International Conference held at Santa Barbara, California, USA, February 23-28, 1987 /
|c editors, Clarence G. Law, Jr. and Richard Pollard ; sponsored by Engineering Foundation.
|
| 264 |
|
1 |
|a New York, N.Y. :
|b American Institute of Chemical Engineers,
|c [1987]
|
| 264 |
|
4 |
|c ©1987
|
| 300 |
|
|
|a ix, 478 pages :
|b illustrations ;
|c 24 cm.
|
| 336 |
|
|
|a text
|b txt
|2 rdacontent
|
| 337 |
|
|
|a unmediated
|b n
|2 rdamedia
|
| 338 |
|
|
|a volume
|b nc
|2 rdacarrier
|
| 504 |
|
|
|a Includes bibliographical references and index.
|
| 536 |
|
|
|a Supported by the National Science Foundation.
|c ECS-8513719
|
| 650 |
|
0 |
|a Manufacturing processes
|v Congresses.
|
| 650 |
|
0 |
|a Semiconductors
|v Congresses.
|
| 650 |
|
0 |
|a Thin films
|v Congresses.
|
| 650 |
|
0 |
|a Electronic industries
|v Congresses.
|
| 700 |
1 |
|
|a Law, Clarence G.
|
| 700 |
1 |
|
|a Pollard, Richard.
|
| 710 |
2 |
|
|a Engineering Foundation (U.S.)
|
| 710 |
2 |
|
|a National Science Foundation (U.S.)
|
| 999 |
|
|
|a MARS
|
| 999 |
f |
f |
|s 06029873-7714-3bd0-a4db-18bc391605a5
|i 6bab4236-ec15-3f15-83fd-2fcaf5e16476
|t 0
|
| 952 |
f |
f |
|p ric
|a Texas A&M University
|b Rellis Campus
|c Joint Library Facility
|d Remote Storage
|t 0
|e TK7871 .I5 1987
|h Library of Congress classification
|i unmediated -- volume
|m A14811687676
|
| 998 |
f |
f |
|a TK7871 .I5 1987
|t 0
|l Remote Storage
|